|
|
|
|
| LEADER |
00958nam a22002291 4500 |
| 001 |
c000201129 |
| 003 |
CARM |
| 005 |
20021125001900.0 |
| 008 |
851113s1908 gw 0 ger d |
| 019 |
1 |
|
|a 4118950
|z 27633535
|5 LACONCORD2021
|
| 035 |
|
|
|a (OCoLC)2554644
|5 LACONCORD2021
|
| 100 |
1 |
|
|a Weilen, Alexander von,
|d 1863-1918.
|
| 245 |
1 |
0 |
|a Hamlet auf der deutschen Buhne bis zur Gegenwart.
|
| 260 |
|
|
|a Berlin :
|b Reimer,
|c 1908.
|
| 490 |
1 |
|
|a Schriften / Deutsche Shakespeare-Gesellschaft ;
|v Bd.3
|
| 600 |
1 |
0 |
|a Shakespeare, William,
|d 1564-1616.
|t Hamlet.
|
| 600 |
1 |
0 |
|a Shakespeare, William,
|d 1564-1616
|x Stage history
|z Germany.
|
| 830 |
|
0 |
|a Schriften (Deutsche Shakespeare-Gesellschaft) ;
|v Bd.3.
|
| 852 |
8 |
|
|b CARM
|h A2:AK36G0
|i C08088
|p 0294218
|f BK
|
| 082 |
0 |
4 |
|a 822.33-S8
|
| 999 |
f |
f |
|i 5a6aa6e3-259d-550c-93f0-aa6eba670c22
|s 319ed576-aba8-5403-a06c-99a1dc3f8517
|
| 952 |
f |
f |
|p Can circulate
|a CAVAL
|b CAVAL
|c CAVAL
|d CARM 1 Store
|e C08088
|f A2:AK36G0
|h Other scheme
|i book
|m 0294218
|